| 000 | 01556nam a2200409 i 4500 | ||
|---|---|---|---|
| 001 | 57366 | ||
| 003 | CO-BoRNBP | ||
| 005 | 20250620164344.0 | ||
| 007 | ta | ||
| 008 | 161108s2008 ck a cr 000 f spa d | ||
| 020 | _a9789580423829 | ||
| 040 |
_aCO-BoRNBP _bspa _erda _cCO-BoRNBP |
||
| 041 | 1 |
_aspa _hger |
|
| 043 | _ae-au--- | ||
| 084 | _aN NOS1 | ||
| 100 | 1 |
_aNöstlinger, Christina, _d1936- _eautora _960446 |
|
| 245 | 1 | 0 |
_aUn marido para mamá _cChristine Nöstlinger ; traducción de Felipe Lanchas González y Martha Antonieta Nalus Fuentes ; ilustraciones de Neftalí Vanegas |
| 250 | _aPrimera edición | ||
| 264 | 1 |
_aBogotá, Colombia _bGrupo Editorial Norma _c2008 |
|
| 300 |
_a184 páginas _bilustraciones en blanco y negro _c20 cm |
||
| 336 |
_atexto _btxt _2rdacontent |
||
| 337 |
_asin mediación _bn _2rdamedia |
||
| 338 |
_avolumen _bnc _2rdacarrier |
||
| 490 | 0 | _aTorre de papel | |
| 520 | _aRecomendado para un público infantil mayor de 10 años. | ||
| 534 | _tEin mann fur mama | ||
| 586 | _aPremio Hans Christian Andersen, 1984. | ||
| 650 | 0 | 4 |
_aAutores austriacos _2LEMB _960447 |
| 650 | 0 | 7 |
_aMadres e hijos en la literatura _2LEMB _960448 |
| 650 | 0 | 0 |
_aNovela infantil Austriaca _ySiglo XX _2LEMB _9309 |
| 650 | 0 | 0 |
_aLiteratura juvenil austriaca _ySiglo XX _2LEMB _960449 |
| 650 | 0 | 0 |
_aFamilia en la litaratura _2LEMB _960450 |
| 700 | 1 |
_aNalus Fuentes, Martha Antonieta _etraductora _960451 |
|
| 700 | 1 |
_aVanegas, Neftalí _eilustrador _960452 |
|
| 700 | 1 |
_aLanchas González, Felipe _etraductor _960453 |
|
| 942 |
_2loc _cBKLITI |
||
| 999 |
_c57366 _d57366 |
||